000 00673pam a2200241 a 4500
020 _a0801677289 (alk. paper)
040 _cDLC
082 0 0 _a616 MOS 1996 A044 Or.
245 0 0 _aOccupational and environmental respiratory disease /
250 _a1st ed.
260 _aSt. Louis, Mo. :
_bMosby,
_cc1996.
300 _axviii, 1038 p. :
_bill. ;
_c29 cm.
650 0 _aLungs
650 0 _aLungs
650 0 _aOccupational diseases.
650 0 _aEnvironmentally induced diseases.
650 1 2 _aRespiratory Tract Diseases.
650 2 2 _aOccupational Diseases.
700 1 _aHarber, Philip.
700 1 _aSchenker, Marc.
700 1 _aBalmes, John.
942 _cEK
999 _c13104
_d13104